[Event "Cannes NAO Masters"]
[Site "Cannes"]
[Date "2002.02.26"]
[Round "5"]
[White "Morozevich, Alexander"]
[Black "Nataf, Igor Alexandre"]
[Result "0-1"]
[WhiteElo "2742"]
[BlackElo "2546"]
[Annotator "Finkel,A"]
[PlyCount "104"]
[EventDate "2002.02.22"]
[EventType "tourn"]
[EventRounds "9"]
[EventCountry "FRA"]
[EventCategory "18"]
[SourceTitle "CBM 088"]
[Source "ChessBase"]
[SourceDate "2002.03.21"]
[SourceVersion "1"]
[SourceVersionDate "2002.03.21"]
[SourceQuality "1"]

1. e4 c5 2. Nf3 Nc6 3. Bb5 e6 4. O-O Nge7 5. c3 a6 6. Be2 d5 7. exd5 Nxd5 8. d4
cxd4 9. Nxd4 Bd7 10. c4 $5 (10. Bf3 Nxd4 (10... Nde7 11. Re1 $146 (11. Be3 Qc7
12. Re1 Ng6 13. Nd2 Nce5 14. Be4 Bd6 15. f4 Nc6 16. Nxc6 Bxc6 17. g3 O-O 18.
Qf3 Bxe4 19. Nxe4 Be7 20. Bd4 Rae8 {1/2-1/2 Saulin,D-Sherbakov,R/Smolensk RUS
2000/The Week in Chess 287 (20)}) 11... Qc7 12. Na3 Ng6 13. Nc4 Nxd4 $6 14.
Qxd4 $14 {Stocek,J-Sherbakov,R/Presov 2000/CBM 79}) (10... Qf6 11. Bxd5 exd5
12. Qb3 Nxd4 13. cxd4 Bc6 14. Re1+ Be7 15. Qe3 Rd8 16. Bd2 $14 {Lebukhov,
P-Bocharov,D/RUS 2000/EXT 2001}) (10... Be7 11. Nxc6 Bxc6 12. Nd2 Qc7 13. Qc2
O-O 14. Re1 Rfd8 15. Nf1 Rac8 16. a3 Qb8 $11 {Kalevic,S-Bojkovic,N/Belgrade
1998/EXT 99}) 11. Qxd4 Bc6 12. Nd2 (12. Re1 Ne7 13. Qf4 Bxf3 14. Qxf3 Qd5 15.
Qe2 Nf5 $11 {Saulin,D-Moizhess,I/Moscow 1999/EXT 2001}) 12... Ne7 (12... Qc7
13. Nc4 b5 14. Qe5 O-O-O 15. Qxc7+ Kxc7 16. Ne5 Be8 17. c4 $14 {Timman,
J-Shaked,T/Hoogeveen 1998}) 13. Qg4 Qd3 14. Bxc6+ Nxc6 15. Nf3 Rd8 16. Be3 Rd7
17. Qa4 Qb5 18. Qc2 Be7 19. Rad1 $14 {Magem Badals,J-Franco Ocampos,Z/Dos
Hermanas 1998/EXT 99}) 10... Nxd4 11. Qxd4 Qf6 12. Qxf6 {Very serious
attention deserved} (12. Qe4 $5 Nb4 13. Qxb7 Bc6 14. Qc7 Qg6 15. f3 Bc5+ 16.
Kh1 O-O 17. Nc3 Rac8 18. Qf4 $14 {but it's not so easy for white to go
volunterely for such a position.}) 12... Nxf6 13. Be3 Rc8 14. Nc3 Bd6 15. Rac1
Ke7 16. a3 {[%cal Gb2b4]} (16. Rfd1) 16... a5 17. Rfd1 a4 $5 18. f4 Bc5 19. Kf2
Rhg8 {[%cal Gg7g5]} 20. h4 h5 21. Bxc5+ Rxc5 22. Rd4 Rgc8 23. Rcd1 Be8 24. Ke1
Bc6 {The endgame is absolutely equal, but white tries to play for a win and at
some stage he is punished for doing so!} 25. R1d2 Nd7 {[%csl Ra4][%cal Ge2d1]}
(25... Bxg2 $6 26. Nxa4 Ra5 27. Nb6 Rc6 28. Nd7 $14) (25... e5 26. fxe5 Rxe5
27. g3 Re8 $11 {[%csl Rg3]}) 26. Ne4 Bxe4 27. Rxd7+ (27. Rxe4 R5c7 (27... Nb6
$5) 28. f5 Nc5 29. Re3 {[%csl Rh5]} g6 $8 30. fxg6 fxg6 $13) 27... Ke8 28. Bd1
Bc6 29. R7d4 Ke7 30. g3 Be8 31. Be2 f6 $11 {[%cal Ge8h5]} 32. Rd6 Bc6 33. Kf2
$6 (33. R6d4 $11) 33... Bd5 $1 34. Rb6 Bc6 $1 $15 {[%csl Rb6] White rook on b6
is out of play.} 35. Ke3 (35. b4 $1 {It was necessary to play} axb3 36. Rxb3
$11) 35... g5 36. hxg5 fxg5 37. Kd4 (37. b4 axb3 38. Rxb3 h4 $15) 37... Ra5 38.
Kc3 gxf4 39. gxf4 h4 $17 40. Rd3 Rf5 {[%csl Rf4]} 41. Bf3 Rxf4 42. Bxc6 bxc6
43. Rb7+ Kf6 44. Rh7 Rb8 $1 $19 {[%csl Rb2,Rc4][%cal Gb8b3] Winning move.
White is helpless against Rb3.} 45. Rd6 Rb3+ 46. Kd2 Rxb2+ 47. Ke3 Rxc4 48.
Rh6+ Kg5 49. Rdxe6 Rb3+ 50. Kd2 Kg4 $1 51. Reg6+ (51. Rxc6 Rxc6 52. Rxc6 Rxa3
$19) 51... Kh3 52. Rg1 Kh2 0-1

[Event "NED-ch59"]
[Site "Leeuwarden"]
[Date "2004.07.09"]
[Round "9"]
[White "Nijboer, Friso"]
[Black "Van Wely, Loek"]
[Result "0-1"]
[WhiteElo "2578"]
[BlackElo "2651"]
[Annotator "Finkel,A"]
[PlyCount "74"]
[EventDate "2004.06.30"]
[EventType "tourn"]
[EventRounds "9"]
[EventCountry "NED"]
[EventCategory "12"]
[SourceTitle "CBM 102"]
[Source "ChessBase"]
[SourceDate "2004.09.23"]
[SourceVersion "1"]
[SourceVersionDate "2004.09.23"]
[SourceQuality "1"]

1. e4 c5 2. Nf3 Nc6 3. Nc3 Nf6 4. Bb5 Qc7 5. O-O Nd4 6. Re1 a6 (6... e6 7. e5
Nxb5 8. Nxb5 Qc6 9. c4 a6 10. Nc3 Ng8 11. d4 cxd4 12. Qxd4 $14 {Rudolf,H-Moser,
G/Vienna 1994}) (6... Nxb5 7. Nxb5 Qb6 8. c4 d6 9. d4 cxd4 10. e5 dxe5 11. Nxe5
e6 12. Qa4 Bd7 13. Nxd7 Nxd7 14. Bf4 $36 {Georgiev,K-Godard,M/Agneaux 1998}) 7.
Bc4 (7. Bf1 e5 8. Bc4 d6 9. Ng5 Ne6 10. d3 Be7 11. a4 O-O 12. Nxe6 Bxe6 13. f4
exf4 14. Bxf4 Nd7 $13 {Lukin,A-Mnatsakanian,E/Moscow 1983}) (7. e5 Nxb5 8. exf6
Nxc3 9. fxg7 Bxg7 10. dxc3 d6 11. Ng5 (11. Qd5 O-O 12. Qh5 e5 13. Bh6 f5 14.
Rad1 $14 {Al Modiahki,M-Doghri,N/Tunis 1997}) 11... h6 12. Bf4 O-O 13. Ne4 Bf5
14. Qh5 Bg6 15. Qh4 h5 16. Rad1 $14 {Yurtaev,L-Ivanchuk,V/Frunze 1988}) 7... d6
{Preventing white once and for all from playing e5.} (7... e6 8. e5 d5 9. exf6
dxc4 10. Ne4 Bd7 11. d3 O-O-O 12. Nxd4 cxd4 13. fxg7 Bxg7 14. Bg5 Rdg8 15. Qh5
$16 {Jansa,V-Mrva,M/Czechoslovakia 1992}) 8. h3 ({Some attention deserved} 8.
Nd5 Nxd5 9. Bxd5 e6 10. Nxd4 cxd4 11. Bb3 Be7 12. d3 O-O 13. Qg4 Bd7 14. Qg3
$14 {[%cal Gf2f5] with minimal advantage for white.}) 8... e6 9. a4 Be7 10. d3
O-O 11. Be3 Nxf3+ (11... Nc6 $5 12. d4 cxd4 13. Nxd4 Bd7 $11) 12. Qxf3 b6 $11 {
[%cal Gc8b7,Ga8d8,Gd6d5]} 13. Ba2 Bb7 14. d4 (14. Qg3 Nh5 15. Qf3 Nf6 $11)
14... cxd4 15. Bxd4 Bc6 {Black has very comfortable position.} 16. Qe3 (16. Qg3
$2 e5 17. Be3 Nxe4 18. Nxe4 Bxe4 19. Bh6 $140 Bg6 $19) 16... b5 17. axb5 axb5
18. b4 Qb7 19. Bb3 Rxa1 20. Rxa1 Ra8 21. Re1 $6 {There was no reason to
deviate from the trade.} (21. Rxa8+ Qxa8 22. f3 Qa3 23. Na2 d5 24. e5 Nd7 25.
Qc3 $11) 21... h6 22. f4 Re8 23. Qg3 Bd8 $1 {[%cal Gd8b6]} 24. e5 dxe5 25. Bxe5
Qe7 26. Rd1 Bb6+ 27. Kh2 Bc7 28. Qe3 (28. Ne2 Bxe5 29. fxe5 Ne4 30. Qe3 Qc7 31.
Qd4 f6 32. Nc3 Qxe5+ 33. Qxe5 fxe5 34. Nxe4 Bxe4 35. Re1 $11) 28... Rc8 29. Qd4
Rd8 30. Qa7 $2 {Missing black's reply!} (30. Qe3 Rxd1 31. Nxd1 Bxe5 32. fxe5
Qc7 33. Nf2 Nd7 34. Nd3 Bb7 35. Qd4 Qc6 $11) 30... Ng4+ $1 $19 31. hxg4 Qh4+
32. Kg1 Qxg4 33. Rxd8+ Bxd8 34. Kf1 (34. Qf2 Bb6 $19) (34. Kf2 Qxg2+ 35. Ke3
Qg1+ $19) 34... Qxg2+ 35. Ke1 Bh4+ 36. Kd1 Qf1+ 37. Kd2 Be1+ 0-1

[Event "Moscow Aeroflot op"]
[Site "Moscow"]
[Date "2002.02.07"]
[Round "5"]
[White "Turov, Maxim"]
[Black "Bocharov, Dmitry"]
[Result "1-0"]
[WhiteElo "2563"]
[BlackElo "2452"]
[Annotator "Finkel,A"]
[PlyCount "37"]
[EventDate "2002.02.04"]
[EventType "swiss"]
[EventRounds "9"]
[EventCountry "RUS"]
[SourceTitle "CBM 088"]
[Source "ChessBase"]
[SourceDate "2002.03.21"]
[SourceVersion "1"]
[SourceVersionDate "2002.03.21"]
[SourceQuality "1"]

1. e4 c5 2. Nf3 Nc6 3. Bb5 e6 4. b3 Nge7 5. Bb2 Ng6 (5... a6 6. Bxc6 dxc6 7. e5
Ng6 8. h4 h5 9. d3 Be7 10. Nbd2 b5 11. Ne4 $14 {Mastrokoukos,G-Valellis,G/
Halkida 2000/}) 6. h4 $5 {Interesting attempt to disturb the knight on g6. In
the following game white's plan worked out just perfectly!} (6. O-O f6 (6...
Qc7 7. Re1 f6 8. d4 cxd4 9. Nxd4 Nxd4 10. Bxd4 Bd6 11. g3 O-O 12. Bf1 b6 13. c4
Bb7 14. Nc3 $14 {Velicka,P-Pisk,P/Karvina 1998/EXT 2000}) 7. d4 (7. Re1 Be7 8.
c3 O-O 9. d4 Qb6 10. Bf1 d5 11. exd5 exd5 12. c4 dxc4 13. d5 Nce5 14. Nxe5 Nxe5
15. Bxe5 fxe5 16. bxc4 $14 {Sobolewski,P-Mukhim,G/Leningrad 1990/EXT 97)}) 7...
cxd4 8. Nxd4 Bc5 9. Kh1 O-O 10. c3 a6 11. Bxc6 dxc6 12. b4 Ba7 13. Qb3 Kh8 $15
{Tate,E-Shabalov,A/Portsmouth 2000/EXT 2001}) 6... Qb6 $6 (6... h5 $1 {[%csl
Rg4]} 7. g3 d5 8. O-O $2 (8. exd5 exd5 9. O-O Bg4 10. Re1+ Be7 11. Bxg7 Rg8 12.
Bxc6+ bxc6 13. Bf6 Kf8 $44) (8. Qe2 $5 d4 (8... dxe4 9. Bxc6+ bxc6 10. Qxe4 Bd7
11. Nc3 $14) 9. Bxc6+ bxc6 10. d3 e5 11. Nbd2 $13) 8... dxe4 9. Ng5 Be7 $40 {
Georgiev,K-Krasenkow,M/Heraklio 1997/CBM 62}) 7. h5 $5 Qxb5 $2 {Black make the
decisive mistake as early as at the move 7! After correct} (7... Nf4 $5 8. Bxc6
(8. Bf1 d5 $132) 8... Qxc6 9. d3 Nxg2+ 10. Kf1 Nf4 11. Ne5 Qc7 12. Qf3 f6 13.
Qxf4 fxe5 14. Bxe5 d6 $13 {the position is very unclear.}) 8. hxg6 fxg6 9. Ng5
$1 $16 {[%cal Gd1f3]} h6 (9... Be7 10. Nxh7 {[%cal Gh7f6]} Rg8 11. Qg4 {
[%csl Rg6]} Kf7 12. Na3 Qb4 13. Nc4 $18) 10. Na3 Qa5 (10... Qb4 11. Qf3 Nd8 12.
Nc4 Rg8 13. a4 {[%csl Rb4]} d5 14. Bc3 $18) 11. Qf3 Nd8 12. Nc4 Qc7 13. e5 $1
$18 {[%cal Gg5e4,Gc4d6] Take a look at the position: black simply can't move!
No wonder that the game lasted for 6 more moves!} Rg8 14. Ne4 Nf7 15. Qg4 g5 (
15... b5 $5 16. Ncd6+ Nxd6 17. exd6 Bxd6 18. Qxg6+ Kf8 (18... Kd8 19. Bxg7 Be7
20. Qf7 $18) 19. Rh3 Bf4 20. Rf3 d5 21. Nxc5 $5 $18 e5 $140 22. Ne6+ Bxe6 23.
Ba3+ $18) 16. Qh5 $1 g6 17. Qf3 {[%cal Ge4f6]} Rg7 (17... Be7 18. Ncd6+ Bxd6
19. exd6 Qb6 20. Nf6+ Kf8 21. Nxg8 $18) 18. Ned6+ Nxd6 19. Nxd6+ (19. Nxd6+
Bxd6 20. exd6 Qxd6 21. Bxg7 $18) 1-0

[Event "FIDE World Cup"]
[Site "Khanty-Mansiysk"]
[Date "2005.11.27"]
[Round "1.1"]
[White "Cao, Sang"]
[Black "Volokitin, Andrei"]
[Result "1-0"]
[WhiteElo "2488"]
[BlackElo "2666"]
[Annotator "Finkel,A"]
[PlyCount "111"]
[EventDate "2005.11.27"]
[EventType "k.o."]
[EventRounds "7"]
[EventCountry "RUS"]
[SourceTitle "CBM 111"]
[Source "ChessBase"]
[SourceDate "2006.04.04"]
[SourceVersion "1"]
[SourceVersionDate "2006.04.04"]
[SourceQuality "1"]

1. e4 c5 2. Nc3 e6 3. Nf3 Nc6 4. Bb5 Nd4 5. Bd3 Ne7 6. O-O Nec6 7. b3 Be7 ({
Another solid continuation is} 7... g6 8. Nxd4 Nxd4 (8... cxd4 9. Ne2 Bg7 10.
Ba3 d6 11. f4 f5 12. exf5 exf5 13. Bc4 d5 14. Bb5 Qb6 $13 {Gipslis,
A-Sveshnikov,E/Podolsk 1992}) 9. Bb2 Bg7 10. Nb5 O-O 11. Nxd4 cxd4 12. f4 f5
13. exf5 gxf5 $11 {Gipslis,A-Furhoff,J/Berlin 1991}) (7... Nb4 $5 8. Ba3 Nxd3
9. cxd3 d6 10. b4 Be7 11. bxc5 dxc5 12. Nxd4 Qxd4 $13 {Gipslis,A-Maljutin,E/
Minsk 1993}) 8. Nxd4 cxd4 9. Ne2 d5 10. Bb2 O-O 11. Re1 (11. c3 $2 Ne5 12. Qb1
dxe4 13. Bxe4 f5 14. f4 d3 15. Nd4 fxe4 16. fxe5 Qd5 $17 {Brenke,A-Pedzich,D/
Lippstadt 1996}) 11... e5 $6 {It's hard to believe Black might experience
serious problems in this position, but it was definitely better not to hurry
with...e5.} (11... Bf6 $142 $5 12. Nf4 dxe4 (12... Qc7 13. exd5 Qxf4 14. dxc6
bxc6 $13) 13. Bxe4 Qc7 14. Nh5 Be5 $132) 12. c3 dxe4 13. Bxe4 dxc3 ({Not
enough for equality is} 13... f5 $6 14. Bxc6 bxc6 15. cxd4 e4 16. d3 $14 {
and White is clearly better.}) 14. dxc3 $1 Qxd1 15. Raxd1 Be6 $6 {It's too
early to commit the bishop as it might need to go to g4 in some lines. For
that reason Black should've preferred} (15... f6 {even though White keeps some
pressure anyway.} 16. c4 (16. Nd4 exd4 17. Bxc6 bxc6 18. Rxe7 dxc3 19. Bxc3 Bf5
$14 {with a slightly worse, but perfectly save position.}) 16... Rd8 {[%csl
Gd6]} 17. Nc3 Rxd1 18. Rxd1 Bg4 $14) 16. c4 Bb4 {Volokitin doesn't feel the
danger. The arising endgame is very difficult for Black, so again 16...f6 was
called for.} (16... f6) 17. Bc3 a5 ({Another way to give up the pawn was} 17...
Bxc3 18. Nxc3 Rad8 19. Bxc6 Rxd1 20. Nxd1 bxc6 21. Rxe5 Rd8 22. Nc3 $16 {
,but it's hardly any better.}) 18. Bxc6 $1 bxc6 19. Bxb4 axb4 20. Nc1 $16 {
[%csl Rb4,Re5]} Rfd8 (20... e4 $5 21. Rxe4 Rfd8 22. Ree1 Bf5 23. f3 $16) 21.
Nd3 Rdc8 (21... f6 22. Nxb4 Rxd1 23. Rxd1 c5 24. Nd3 $16) 22. Nxb4 c5 23. Nd3
f6 24. Rd2 Bf5 25. Nc1 {Black has absolutely no compensation for the pawn, so
the rest is just a matter of technique.} Kf7 26. f3 h5 27. Ne2 $1 {[%csl Ga2]
[%cal Ge2c3,Gc3d5,Gc3b5,Gc3a4]} h4 28. Nc3 Rd8 29. Red1 Rd4 30. Nb5 Rxd2 31.
Rxd2 Ke7 32. Nc3 Be6 33. Kf2 g5 (33... f5) 34. Ne4 Rc8 35. Ke3 Rc6 36. g3 hxg3
37. hxg3 g4 $6 {Losing on the spot.} (37... Bf7) 38. fxg4 $1 Rc8 (38... Bxg4
39. Rd5 $18) 39. Rf2 Rf8 40. g5 f5 41. Nxc5 Rg8 42. Nd3 e4 43. Ne5 Rxg5 44. Kf4
Rh5 45. g4 fxg4 46. Kxe4 g3 47. Ng6+ Ke8 48. Rf8+ Kd7 49. Nf4 Rh2 50. Nxe6 Kxe6
51. Rg8 Re2+ 52. Kf3 Rxa2 53. Rxg3 Ke5 54. Ke3 Rb2 55. Rg5+ Kd6 56. Rb5 1-0

[Event "UKR-ch 73rd"]
[Site "Kharkov"]
[Date "2004.08.24"]
[Round "1.1"]
[White "Tukhaev, Adam"]
[Black "Moiseenko, Alexander"]
[Result "0-1"]
[WhiteElo "2404"]
[BlackElo "2640"]
[Annotator "Finkel,A"]
[PlyCount "106"]
[EventDate "2004.08.03"]
[EventType "k.o."]
[EventRounds "5"]
[EventCountry "UKR"]
[SourceTitle "CBM 103"]
[Source "ChessBase"]
[SourceDate "2004.11.11"]
[SourceVersion "1"]
[SourceVersionDate "2004.11.11"]
[SourceQuality "1"]

1. e4 c5 2. Nf3 Nc6 3. Nc3 e5 4. Bc4 Be7 5. d3 Nf6 (5... d6) 6. Ng5 O-O 7. f4
d6 8. O-O Bg4 9. Nf3 $6 (9. Qe1 exf4 10. Bxf4 h6 (10... Nd4 11. Qd2 Qd7 12. h3
Bh5 13. Kh2 b5 14. Bb3 Nxb3 15. axb3 b4 16. Ne2 d5 17. e5 Ne8 $13 {Nikolenko,
O-Neverov,V/Czestochowa 1992}) 11. Nf3 Nh5 12. Be3 Bf6 13. Nd5 b6 14. Nxf6+
Nxf6 15. Qg3 Kh7 16. Bb3 $14 {Heinsohn,G-Meier,T/Germany 1992/GER-chT2}) 9...
exf4 (9... Nd4 10. f5 Nh5 11. Nd5 Bh4 12. Ne3 Nxf3+ 13. gxf3 Bh3 14. Ng2 Bg5
$15 {Ochoa de Echaguen,F-Remon,A/Havana 1983}) 10. Bxf4 Nd4 {It seems that
black faces no problems in this line.} 11. Qd2 Nxf3+ 12. gxf3 Be6 13. Rfe1 {
[%csl Ge7] Trying to prevent black from playing ...d5} (13. Kh1 d5 14. Bb3 a6 (
14... d4 15. Ne2 Nh5 16. Bxe6 fxe6 17. Be5 Bf6 18. Bg3 $13) 15. Qg2 c4 16. exd5
cxb3 17. dxe6 bxc2 18. exf7+ Rxf7 19. Qxc2 Nd5 $44) 13... a6 14. Qg2 (14. a4)
14... b5 15. Bh6 Ne8 16. Bd5 Ra7 17. Bc6 $6 {It's not ot so clear what's the
purpose of this move!?} (17. f4 $6 Kh8 18. Bg5 b4 19. Nd1 Bxd5 20. exd5 Bxg5
21. fxg5 Re7 $15) (17. a3) 17... Kh8 18. Be3 (18. Bxe8 $4 gxh6 $19) 18... Rc7
19. Bd5 b4 20. Bxe6 bxc3 21. Bc4 cxb2 22. Rab1 Bf6 23. Qd2 $1 {[%csl Gc3] Very
important move to prevent black from putting his bishop on c3.} (23. Bxa6 Bc3
24. Rf1 d5 25. exd5 Nf6 26. Bc4 Nxd5 $17) 23... Rc6 24. Bd5 Rb6 25. d4 (25. c3
Bh4 (25... Nc7 26. Bb3 Nb5 27. d4 cxd4 28. cxd4 Bh4 29. Rf1 f5 30. Rxb2 f4 31.
Bf2 Bxf2+ 32. Qxf2 Qf6 33. Rd2 Rc6 $13) 26. Rf1 f5 27. Bb3 (27. Rxb2 f4 28. Bf2
Rxb2 29. Qxb2 Bxf2+ 30. Rxf2 Nf6 $13) 27... Qf6 28. Rxb2 f4 29. Bf2 Nc7 $132)
25... cxd4 26. Bxd4 Bxd4+ 27. Qxd4 Nf6 28. Bb3 (28. Rxb2 $2 Rxb2 29. Qxb2 Nxd5
30. exd5 Qg5+ $17) 28... Nh5 {[%cal Gh5f4,Gd8g5]} 29. Rxb2 Nf4 $6 (29... Qh4
30. Rd1 Rfb8 31. c3 Nf4 $13) 30. Kh1 Rb5 $6 {[%cal Gb5h5]} 31. c3 $1 Rh5 32.
Rg1 $6 (32. Rd1 $1 $16 {[%csl Rd6]} Qg5 $140 33. Qxd6 Kg8 34. Rg1 Qh4 35. Bxf7+
$1 $18) 32... Rg5 33. Rg3 $6 (33. Rd1 $1) 33... Nh5 34. Rgg2 f5 $132 35. e5
Rxg2 36. Rxg2 dxe5 37. Qxe5 h6 38. Re2 (38. Rg6 Kh7 39. Rxa6 $4 Qd3 $19) 38...
Qd3 $15 39. Qe3 Rd8 40. Bc2 (40. Bf7 Nf4 41. Qxd3 Rxd3 42. Re8+ Kh7 43. h4 $19
g5) 40... Qxe3 41. Rxe3 Nf4 42. h4 g6 43. c4 Rd2 44. Bb3 Rd3 45. Re7 $2 (45.
Rxd3 Nxd3 46. Bc2 Nc5 47. h5 Kg7 48. Kg2 Kf6 49. hxg6 Kxg6 50. f4 Kf6 $11)
45... Rxf3 $19 46. c5 Rc3 47. Rc7 g5 48. h5 g4 49. c6 g3 50. Rd7 Rc1+ 51. Bd1
Rxc6 52. Rd4 Ne6 53. Rd2 Rc3 0-1

[Event "ESP-chB"]
[Site "Seville"]
[Date "2004.08.14"]
[Round "2"]
[White "Fernandez Romero, Ernesto"]
[Black "De la Riva Aguado, Oscar"]
[Result "1/2-1/2"]
[WhiteElo "2423"]
[BlackElo "2552"]
[Annotator "Finkel,A"]
[PlyCount "75"]
[EventDate "2004.08.03"]
[EventType "tourn"]
[EventRounds "5"]
[EventCountry "ESP"]
[EventCategory "10"]
[SourceTitle "CBM 103"]
[Source "ChessBase"]
[SourceDate "2004.11.11"]
[SourceVersion "1"]
[SourceVersionDate "2004.11.11"]
[SourceQuality "1"]

1. e4 c5 2. Nf3 Nc6 3. Nc3 e6 4. Bb5 Nge7 5. O-O Nd4 6. Nxd4 cxd4 7. Ne2 a6 8.
Bd3 d5 9. exd5 (9. e5 Nc6 10. f4 g5 11. c3 Bg7 12. cxd4 Nxd4 13. b3 gxf4 14.
Bb2 Nxe2+ 15. Qxe2 $44 {Fette,M-Kramnik,V/Groningen 1991}) (9. b3 Nc6 10. Bb2
Bc5 11. Nf4 Nb4 12. a3 Nxd3 13. Nxd3 Ba7 14. e5 O-O 15. Qg4 f5 16. Qg3 $14 {
Sokolov,A-Filippov,V/Bourbon Lancy 1997}) 9... Qxd5 (9... Nxd5 10. c3 dxc3 11.
dxc3 Bd6 12. Nd4 Qc7 13. h3 Bd7 14. Qf3 Nf4 15. Be4 Ng6 16. Be3 Ne5 17. Qe2
O-O-O $5 $132 {Svidler,P-Krasenkow,M/Belgrade 1999}) 10. c4 $5 (10. c3 Nc6 11.
Qc2 Bd6 (11... f5 12. cxd4 $5 b5 13. Re1 Nb4 14. Qc3 Nxd3 15. Qxd3 Bc5 16. b3
O-O 17. Bb2 Bb6 18. Qg3 $14 {Svidler,P-Zyla,J/Groningen op 1993}) 12. b3 Qh5
13. Ng3 Qh4 14. Re1 O-O 15. Bb2 Bd7 16. Bf1 Rac8 $13 {Brodsky,M-Markowski,T/
Katowice 1993}) 10... Qd8 (10... Qd6 11. b4 Qxb4 12. Rb1 Qd6 13. Be4 Nc6 14.
Qa4 Qd7 $13 {1/2-1/2 Grabarczyk,B-Sherbakov,R/Polanica Zdroj 1996/EXT 98 (14)})
11. b3 {The move in the game is just too passive. More in the spirit of the
position was} (11. b4 g6 12. Bb2 Bg7 13. f4 O-O 14. Qb3 Re8 15. Be4 $14 {
with comfortable position.}) 11... g6 12. Bb2 Bg7 13. f4 O-O 14. Be4 d3 $5 {
[%csl Rd3] It's clear that the pawn will be sacrificed at some stage.
Meanwhile black is trying to force white to put his pieces on awkward
positions.} (14... Bd7 15. d3 (15. Bxb7 $2 Qb6 16. Bxa8 d3+ 17. Kh1 dxe2 18.
Qxe2 Bxb2 $17) 15... Bc6 16. Ng3 Re8 17. Bxc6 bxc6 $132) 15. Nc3 f5 (15... Rb8
$5 16. Qf3 $140 Qd6 17. Qxd3 Qxd3 18. Bxd3 Rd8 19. Rf3 Bd7 20. Rd1 Bc6 21. Rg3
Rd7 $36) 16. Bf3 Rb8 17. Kh1 b5 18. cxb5 axb5 19. Qe1 Nd5 {Black decides that
it's just about time to seize the initiative.} (19... Qd6 20. Qe3 Rd8 21. Rfe1
Kf7 22. Nd1 Bxb2 23. Nxb2 Qd4 $13) 20. Bxd5 exd5 21. Qg3 d4 22. Nd1 Re8 ({
May be more accurate was} 22... Bb7 $5 23. Nf2 Rc8 24. Nxd3 Rc2 $15 {and white
still has to be carefull.}) 23. Nf2 Bb7 24. Nxd3 Qd5 25. Rf2 Rbc8 26. h4 Bf6 (
26... Re6) 27. h5 Kg7 28. Ne5 Rc2 (28... Bxe5 $6 29. fxe5 Rxe5 30. d3 Rce8 31.
Rf4 Re2 32. Bxd4+ Kf7 33. Rg1 $36) 29. d3 Rxf2 30. Qxf2 g5 31. Bxd4 gxf4 32.
Nf3 (32. h6+ Kg8 33. Nf3 Re6 34. Kg1 Bxd4 35. Qxd4 Qxd4+ 36. Nxd4 Rg6 $132)
32... Bxd4 33. Qxd4+ Qxd4 34. Nxd4 Kf6 35. Rf1 (35. Rc1 {[%cal Gc1c7]} Rd8 36.
Rc7 Rxd4 37. Rxb7 Rxd3 38. Rxb5 Rd1+ 39. Kh2 Rd2 $11) 35... Kg5 36. Kh2 b4 37.
Rf2 Kg4 38. Nf3 (38. Nc2 $6 f3 39. gxf3+ Bxf3 40. Nxb4 Re1 $19) 1/2-1/2

[Event "FIDE-Wch"]
[Site "San Luis"]
[Date "2005.10.13"]
[Round "13"]
[White "Adams, Michael"]
[Black "Leko, Peter"]
[Result "1/2-1/2"]
[WhiteElo "2719"]
[BlackElo "2763"]
[Annotator "Finkel,A"]
[PlyCount "49"]
[EventDate "2005.09.28"]
[EventType "tourn"]
[EventRounds "14"]
[EventCountry "ARG"]
[EventCategory "20"]
[SourceTitle "CBM 110"]
[Source "ChessBase"]
[SourceDate "2006.01.31"]
[SourceVersion "1"]
[SourceVersionDate "2006.01.31"]
[SourceQuality "1"]

1. e4 c5 2. Nf3 Nc6 3. Nc3 {A harmless continuation, which was tried by Adams
against Leko on a couple of occasions in their recent rapid chess match in
Miskolc.} (3. Bb5 $5) 3... e5 4. Bc4 d6 5. d3 Be7 6. Nd2 Nf6 7. Nf1 Bg4 8. f3
Be6 9. Ne3 O-O 10. O-O Nh5 $5 {Clearing a way for the bishop to come to g5.} (
10... Rb8 11. a3 (11. Bd2 Ne8 12. a4 Bg5 13. Ned5 Bxd2 14. Qxd2 Nc7 15. f4 exf4
16. Qxf4 Ne5 17. Ba2 Nxd5 18. Nxd5 Bxd5 $11 {Adams,M-Leko,P/Miskolc 2005})
11... Nd4 12. Ba2 b5 13. Ncd5 Nxd5 14. Bxd5 Bg5 15. Bxe6 Nxe6 16. a4 Bxe3+ 17.
Bxe3 bxa4 $11 {Adams,M-Leko,P/Miskolc 2005}) 11. Ned5 ({White didn't succeed
to get anything also after} 11. Ncd5 Bg5 12. g3 Bxe3+ 13. Bxe3 Na5 14. Qd2 Nxc4
15. dxc4 Bxd5 16. Qxd5 Qe7 $11 {Movsesian,S-Eljanov,P/Merida 2005}) 11... Bg5
12. Bxg5 Qxg5 13. Qc1 Qd8 $5 {It's probably safer for Black to keep the queens,
but after} (13... Qxc1 14. Raxc1 Nd4 15. Kf2 Rab8 $11 {the position remains
also balanced.}) 14. a4 h6 15. Rf2 Ne7 {All Black has to do is to trade a
couple of minor pieces to neutralize White's pressure.} 16. Qd2 Nxd5 17. Nxd5 {
Diagram [#]} (17. Bxd5 $143 $6 Nf4 18. Bxe6 fxe6 $15) 17... Nf6 18. Nxf6+ Qxf6
19. b3 b6 20. Raf1 Rad8 21. Qc3 (21. f4 exf4 22. Rxf4 Qe5) 21... Qg6 22. a5 Rb8
23. f4 exf4 24. Rxf4 Qg5 25. axb6 {Not a very exciting game to annotate, but I
can understand both players who had no motivation and nothing to fight for in
the tournament.} 1/2-1/2